000 00731nam a2200241 i 4500
001 bg
100 1 _aBUSCHA, Joachim
245 1 0 _aDer Infinitiv /
_cJoachim Buscha, Irene Zoch.
260 _aLeipzig :
_bVeb Verl. Enzyklopädie,
_c1988.
300 _a126 s. ;
_c22 cm.
490 1 _aZur Theorie und Praxis des Deutschunterrichts für Ausländer,
_x0232-380X
504 _aBibliogr.
650 9 _aJęzyk niemiecki
_xgramatyka
700 1 _aZOCH, Irene
830 _aZur Theorie und Praxis des Deutschunterrichts für Ausländer,
_x0232-380X
020 _a3324003091
040 _cBPK
041 0 _ager
080 _a811.112.2'36
920 _a3-324-00309-1
942 _cKS
008 s pl f |000 0 pol
999 _c45565
_d45565